00438nam a2200145 4500003000900000005001700009008004100026020002700067040001300094082001700107100002200124245008300146250001200229260005100241SEACOMEC20250203122242.0250203b |||||||| |||| 00| 0 eng d a978-0073051949c630.00 aSEACOMEC a515.9 bB873 aBrown, James Ward aComplex variables and applications /c by James Ward Brown, Ruel V. Churchill. a8th ed. aNew Delhib McGraw-Hill Higher Educationc2009